00466nam a2200157Ia 4500003000900000008004100009040001600050080001800066110002200084245008800106260003500194300002300229650001500252650002000267650002100287IN-BaIIA211028s9999 xx 000 0 eng d cIIA Library a621.3.04bTEX aTexas Instruments 4aThe linear and interface circuits data book for design engineerscTexas Instruments aTexasbTexas Instrumentsc1973 a[various pagings.] a Circuits a Electronics  aNASA Thesaurus